Ismeretlen szerző írása a cigányügyről
Elmentve itt :
| Dokumentumtípus: | Kézirat |
|---|---|
| Kulcsszavak: | cigányügy, kóbor cigányok, cigányok letelepítése |
| Online Access: | http://misc.bibl.u-szeged.hu/46845 |
| LEADER | 00540ntm a2200145 i 4500 | ||
|---|---|---|---|
| 001 | misc46845 | ||
| 005 | 20201001142415.0 | ||
| 008 | 200512suuuu hu o 0|| hun d | ||
| 040 | |a SZTE Miscellanea Repozitórium |b hun | ||
| 041 | |a hun | ||
| 245 | 0 | 0 | |a Ismeretlen szerző írása a cigányügyről |h [elektronikus dokumentum] |
| 300 | |a 12 p. | ||
| 561 | |a Herrmann Antal hagyaték | ||
| 695 | |a cigányügy, kóbor cigányok, cigányok letelepítése | ||
| 856 | 4 | 0 | |u http://misc.bibl.u-szeged.hu/46845/1/hermann_antal_ms_1934_004_egyeb_082.pdf |z Dokumentum-elérés |